British railway history : (Record no. 50245)
[ view plain ]
| 000 -LEADER | |
|---|---|
| fixed length control field | 00774nam a2200229 a 4500 |
| 001 - CONTROL NUMBER | |
| control field | 50245 |
| 003 - CONTROL NUMBER IDENTIFIER | |
| rucl marc code | BD-RjUL |
| 005 - DATE AND TIME OF LATEST TRANSACTION | |
| control field | 20211209075459.0 |
| 008 - FIXED-LENGTH DATA ELEMENTS--GENERAL INFORMATION | |
| fixed length control field | 160823m19541960enk 0 eng d |
| 035 ## - SYSTEM CONTROL NUMBER | |
| System control number | (BD-RjUL)50365 |
| System control number | 2392755 |
| 040 ## - CATALOGING SOURCE | |
| Original cataloging agency | NUN |
| Language of cataloging | eng |
| Transcribing agency | NUN |
| Modifying agency | BD-RjUL |
| 041 ## - LANGUAGE CODE | |
| Language code of text/sound track or separate title | eng |
| 082 04 - DEWEY DECIMAL CLASSIFICATION NUMBER | |
| Classification number | 385.0942 |
| Author mark and year | LEB 1960 |
| 100 1# - MAIN ENTRY--PERSONAL NAME | |
| Personal name | Ellis, C. Hamilton |
| Fuller form of name | (Cuthbert Hamilton), |
| Dates associated with a name | 1909- |
| 9 (RLIN) | 150600 |
| 245 10 - TITLE STATEMENT | |
| Title | British railway history : |
| Remainder of title | an outline from the accession of William IV to the nationalization of railways 1877-1947 / |
| Statement of responsibility, etc. | C. Hamilton Ellis |
| 260 ## - PUBLICATION, DISTRIBUTION, ETC. (IMPRINT) | |
| Place of publication, distribution, etc. | London. : |
| Name of publisher, distributor, etc. | Allen & Unwin, |
| Date of publication, distribution, etc. | 1954, [impression 1960] |
| 300 ## - PHYSICAL DESCRIPTION | |
| Pagination | ix, 443 p.: |
| Illustrations | ill, ; |
| Size | 24 cm |
| 500 ## - GENERAL NOTE | |
| General note | includes index |
| 650 #0 - SUBJECT ADDED ENTRY--TOPICAL TERM | |
| Topical term or geographic name as entry element | Railroads |
| Geographic subdivision | Great Britain |
| General subdivision | History. |
| 9 (RLIN) | 150601 |
| 942 ## - ADDED ENTRY ELEMENTS (KOHA) | |
| Source of classification or shelving scheme | Dewey Decimal Classification |
| Koha item type | Books |
| Lost status | Source of classification or shelving scheme | Damaged status | Not for loan | Collection code | Permanent Location | Current Location | Shelving location | Date acquired | Source of acquisition | Cost, normal purchase price | Total Checkouts | Full call number | Date last seen | Copy number | Koha item type |
|---|---|---|---|---|---|---|---|---|---|---|---|---|---|---|---|
| Dewey Decimal Classification | Non-fiction | Central Library, University of Rajshahi | Central Library, University of Rajshahi | 28/05/1968 | Zeitlinger | 40.00 | 385.0942 LEB 1960 | 24/08/2016 | C-2 | Books | |||||
| Dewey Decimal Classification | Non-fiction | Central Library, University of Rajshahi | Central Library, University of Rajshahi | 28/05/1968 | Zeitlinger | 0.35 | 385.0942 LEB 1960 | 24/08/2016 | C-3 | Books |